2025 NCAA Final Four Starting Lineups - Statistics

General Stats
  • This quiz has been taken 33 times
  • The average score is 14 of 20
Answer Stats
Team # Player % Correct
Duke 2 Cooper Flagg
100%
Florida 1 Walter Clayton Jr
100%
Auburn 4 Johni Broome
93%
Duke 7 Kon Knueppel
86%
Houston 4 LJ Cryer
83%
Florida 21 Alex Condon
79%
Auburn 10 Chad Baker-Mazara
79%
Duke 9 Khaman Maluach
79%
Duke 5 Tyrese Proctor
76%
Houston 21 Emanuel Sharp
72%
Houston 7 Milos Uzan
69%
Duke 14 Sion James
69%
Florida 15 Alijah Martin
62%
Houston 13 J'Wan Roberts
59%
Auburn 13 Miles Kelly
55%
Auburn 44 Dylan Cardwell
52%
Houston 11 Joseph Tugler
52%
Auburn 2 Denver Jones
48%
Florida 9 Rueben Chinyelu
48%
Florida 5 Will Richard
45%
No matching quizzes found
Score Distribution
Percent of People with Each Score
Percentile by Number Answered
Your Score History
You have not taken this quiz